MDQL
is popping MORE tags! Check the
thread
!
Quizzes
Events
Quiz Creation
Community
Videos
Private Events
Remove Ads
Sign In
Join for FREE
Feedback
Dark Mode
Quiz Categories
Sports
Geography
Music
Movies
Television
Just For Fun
Miscellaneous
History
Literature
Language
Science
Gaming
Entertainment
Religion
Holiday
For Kids
Quiz Lab
Recent
Popular Today
Quiz Kudos Today
Editor Picks
Curator Picks
Quizzes by...
Day
Popularity
Type
Ratings
Length
Year
Community
Subscriptions
Recent Discussions
Orange Saloon
Badges
Playlists
Quests
Create
Leaderboards
Showdown
Live 5
Trivia Bingo
Activity
Puzzle Library
Sporcle Events
Private Events
Virtual Trivia
Globe League
Become a Host
Pub Owners
SporcleCon
Opinionation
Our Games
Videos
Blog
Mobile Apps
Partnerships
Remove Ads and Go Orange
Feedback
Sports
Athletes
MLB
NBA
NHL
NFL
Soccer
Sports Teams
WWE
NCAA
Football
Premier League
Basketball
Baseball
Hockey
Golf
Tennis
Cricket
Rugby
Auto Racing
Olympics
World Cup
Sports
Athletes
MLB
NBA
NHL
NFL
Soccer
Sports Teams
WWE
NCAA
Football
Premier League
Basketball
Baseball
Hockey
Golf
Tennis
Cricket
Rugby
Auto Racing
Olympics
World Cup
Random Quiz
Search Sporcle
×
Curator Pick
Curator Pick
Sports
Football
Type answers based on single images at one time
Type answers based on single images at one time
Slideshow
Best Score? Go Orange.
One Man (FIFA) Nation Premier League Players 1992-2019 Stats
Can you name the Nation or the Player with atleast one Premier League appearance as the only representative from that FIFA Country?
By
LabinotHarbuzi
7m
14 Questions
4,466 Plays
4,466 Plays
4,466 Plays
Comments
Comments
Give Quiz Kudos
Give Quiz Kudos
-
- Ratings
hide this ad
More Info
Replay
Link that replays current quiz
Next Quiz
Link to next quiz in quiz playlist
You Got
0%
They Got
Avg Score
30%
Avg Friend Score
Upgrade to see
Score Distribution
Jump to the score distribution portion of the page
Score
0/14
Timer
07:00
0
Plays Today
% Correct
Ali Al Habsi (Oman)
86.8%
Henrikh Mkhitaryan (Armenia)
85.1%
Victor Wanyama (Kenya)
81.5%
Neil Etheridge (Philippines)
51.4%
Manucho (Angola)
37.8%
Bertrand Traoré (Burkina Faso)
37.5%
Ruel Fox (Montserrat)
36.5%
% Correct
Bersant Celina (Kosovo)
30.7%
Lorik Cana (Albania)
28.9%
Gunnar Nielsen (Faroe Islands)
25.5%
Mo Barrow (The Gambia)
21.4%
Zesh Rehman (Pakistan)
17.9%
Mesca (Guinea-Bissau)
2.7%
Kevin Betsy (Seychelles)
2.4%
Quiz Playlist
Details
Report
Send in Message
Add To Playlist
More Info:
* - Nation is a member of FIFA and UEFA but not a recognised UN Nation.
Slideshow:
Type answers based on single images at one time
Last Updated: Mar 22, 2023
Curator Pick in
Soccer
Quiz Scoreboard
CHALLENGE
Sign Up to Join the Scoreboard
Show All
Scores
Hide
Comments
May contain spoilers
Recently Published
5x2 Blitz: Bands
by SL_Kpop136
Music
30s
Colored Red Africa Blitz
by spor1
Geography
30s
Find the 'City' Movie
by crazypaving
Movies
60s
More to Explore
Quiz From the Vault
Featured Blog Post
14 Easter Pick-up Lines to Find Eggs With
hide this ad
You Might Also Like...
Tags
Country Quiz
Football Quiz
Nation Quiz
Premier League Quiz
Soccer Quiz
appearance
League
Man
Person
Player
Premier
Today's Top Quizzes in Sports
Browse Sports
hide this ad
Today's Top Quizzes in Football
Browse Football
Top Contributed Quizzes in Sports
1
Les entraîneurs de l'OM et du PSG au 21e siècle
2
Les meilleurs buteurs des matchs entre le PSG et l’OM
3
Les joueurs passés par le PSG et l'OM
4
Players with Multiple 50 Home Run Seasons
5
2022 World Cup Stars
6
Criteria MLB: Left Handed Sluggers
7
NBA Logic Puzzle 2.0
8
MLB Players with Two .350 Batting Average Seasons
9
Top 10 NHL Goal Scorers of All Time
10
Les joueurs passés par le LOSC et le RC Lens
Explore More
Trending Topics
NBA
Kpop
Disney
Harry Potter
Marvel
Anime
Crossword
Puzzle
Song
NFL
Country
Pokémon
The Office
WWE
Soccer
hide this ad
More By:
LabinotHarbuzi
Quiz
Plays
Rating
Category
Featured
Created
We Didn't Make The World Cup!
67,029
4.71
Sports
Nov 30, 2013
If UEFA Champions League had only Capital Teams
29,066
4.70
Sports
Apr 24, 2017
2023 European (UEFA) Football teams beginning with 'A'
7,616
4.55
Sports
Mar 18, 2014
Top 20 Nations never to have a Premier League Player
6,855
4.56
Sports
Nov 18, 2012
English Counties and their Football Teams
6,771
4.72
Sports
Nov 17, 2012
Go to Creator's Profile
Score Distribution
Quiz Creator Spotlight
LabinotHarbuzi
Follow
Send a Message
Quizzes Created
-
Created Quiz Play Count
-
More By This Creator
Popular Quizzes Today
1
Colored Red Africa Blitz
2
Find the 'City' Movie
3
Find the US States - No Outlines Minefield
4
5x2 Blitz: Bands
5
The Countries of the World
6
Find the US States
7
US States
8
Find the Countries of Europe - No Outlines Minefield
More Sports Quizzes
Winter Olympics Medal Winners
Published
Trending Quizzes
Colored Red Europe Blitz I
Colored Red Africa Blitz II
Colored Red Europe Blitz II
Colored Red Europe Blitz III
Colored Red Africa Blitz III
Recently Updated
How Do You Spell That?
pecheneg
Godzilla Movies
pecheneg
Grab Bag: 4-10 Letters
pecheneg
2024 March Madness Bracket
pecheneg
Famous TV Couples
Peacemaker
Champions League XIs: Real Madrid
pecheneg
Largest US Cities 1790-2010
pecheneg
Rides in Walt Disney World
pecheneg
Most Oscar Losses (Acting)
pecheneg
Beyoncé Albums
pecheneg
Trending Topics
NBA
Marvel
Harry Potter
Crossword
Disney
Anime
Kpop
The Office
Country
Puzzle
Soccer
WWE
Pokémon
NFL
Song
Your Account Isn't Verified!
In order to create a playlist on Sporcle, you need to verify the email address you used during registration. Go to your
Sporcle Settings
to finish the process.
Report this User
Report this user for behavior that violates our
Community Guidelines
.
Details:
Send Report
Go to the Sporcle.com Mobile Site →
Comments